| 000 | 00924nam a2200277 i 4500 | ||
|---|---|---|---|
| 001 | 9918 | ||
| 003 | ES-MaACL | ||
| 005 | 20230906145801.0 | ||
| 007 | t| | ||
| 008 | 940509s1994 sp ||||1| spa d | ||
| 020 | _a84-86702-02-X | ||
| 080 | _a791.44.071.1 Wilder, Billy | ||
| 080 | _a791.44.071.1 Mankiewicz, Joseph L. | ||
| 100 | 1 |
_aCiment, Michel. _938841 |
|
| 245 | 1 | 0 |
_aBilly & Joe _b: conversaciones con Billy Wilder y Joseph L. Mankiewicz / _cMichel Ciment ; [traducción, David Rodríguez Trueba]. |
| 250 | _a[2a. ed.]. | ||
| 260 |
_aMadrid : _bPlot, _c1994. |
||
| 300 |
_a144 p. : _bfot. ; _c24 cm. |
||
| 500 | _aIndice. | ||
| 600 | 1 | 4 |
_aWilder, Billy- _xEntrevistas. _9116829 |
| 600 | 1 | 4 |
_aMankiewicz, Joseph L.- _xEntrevistas. _976037 |
| 700 | 1 |
_aRodríguez Trueba, David. _998844 |
|
| 700 | 1 |
_aWilder, Billy. _9116828 |
|
| 700 | 1 |
_aMankiewicz, Joseph L. _976036 |
|
| 852 |
_aES-MaACL _jL-17350 _bR.122540 |
||
| 999 |
_c9918 _d9918 |
||